| 000 | 00422cam a2200181ua 4500 | ||
|---|---|---|---|
| 041 |
_aeng _h |
||
| 082 |
_a823.308 _bTOL/AN |
||
| 100 | _aTolstoy, Leo. | ||
| 245 |
_aAnna karenina / _cLeo Tolstoy. _hTextual Documents |
||
| 250 |
_a1 / _b. |
||
| 260 |
_aLondon : _bJ M Dent and Sons Ltd , _c1960. |
||
| 300 | _a427 ; . | ||
| 500 | _aVol.2 | ||
| 504 | _a | ||
| 942 | _cBK | ||
| 999 |
_c7863 _d7863 |
||